Mixed Word: Valentine's Day Mood Quiz Stats

 Plays Quiz Updated Sep 29, 2017

Support Sporcle.
Go Orange.
Score 0/14 Timer 03:00
0 Plays Today
Mixed Up Relationship Wholehearted Relationship % Correct
100%
R A W M                 E R I FW A R M                 F I R E
97%
I N G L O V            K S E S S IL O V I N G            K I S S E S
96.4%
GHUHUG
95.6%
N I E WW I N E
93.3%
E D R   O R E S   T E B O Q U UR E D   R O S E   B O U Q U E T
89.7%
W O S L   G I D N A C NS L O W   D A N C I N G
88.5%
Mixed Up Relationship Wholehearted Relationship % Correct
R E N D I N   E D T AD I N N E R   D A T E
87%
T R I C M A N O   U S C M IR O M A N T I C   M U S I C
84.3%
G C U L D D N IC U D D L I N G
77%
E L T F E H A R T   E F A C T I O F NH E A R T F E L T   A F F E C T I O N
77%
Y T E P O RP O E T R Y
69%
E N S C O D    E Y M O N H O N OS E C O N D    H O N E Y M O O N
66.7%
R I M A R E G A      O P S P R O L AM A R R I A G E      P R O P O S A L
65.8%

From the Vault

Continents by Area Percentage

by mg10

Opisometers allowed!
Remove Ads.
Support Sporcle.
Get the best of Sporcle when you Go Orange. This ad-free experience offers more features, more stats, and more fun while also helping to support Sporcle. Thank you for becoming a member.

Show Comments

Extras

Top Quizzes Today


Score Distribution

Your Account Isn't Verified!

In order to create a playlist on Sporcle, you need to verify the email address you used during registration. Go to your Sporcle Settings to finish the process.

Report this User

Report this user for behavior that violates our Community Guidelines.

Details: